000 00266nam a22001217a 4500
020 _a0-600-39392-5
082 _a930 SWI'W
100 _aSWINGLEHURST, E
_975905
245 _aWONDERS OF THE WORLD
260 _aLONDON
_bHAMLYN
_c1975
300 _a157P
942 _cBK
999 _c581317
_d581317